[Event "FSIMA December"]
[Site "Budapest HUN"]
[Date "2001.12.08"]
[Round "8"]
[White "Resika,N"]
[Black "Erdelyi,Z"]
[Result "1/2-1/2"]
[WhiteElo "2182"]
[BlackElo "2242"]

1.e4 c5 2.Nf3 e6 3.d4 cxd4 4.Nxd4 Nc6 5.Nc3 Nf6 6.Ndb5 Bb4 7.a3 Bxc3+ 8.Nxc3 d5
9.exd5 exd5 10.Bd3 O-O 11.O-O d4 12.Ne2 Bg4 13.Bg5 Qd6 14.Qd2 Rfe8 15.f3 Bh5
16.Nf4 Bg6 17.Nxg6 hxg6 18.Rfe1 Ne5 19.Rad1 Qb6 20.Bxf6 gxf6 21.Qb4 Qxb4
22.axb4 Nxd3 23.Rxe8+ Rxe8 24.Rxd3 Re2 25.c3 dxc3  1/2-1/2

[Event "TCh-BEL 2001-2"]
[Site "Belgium BEL"]
[Date "2001.12.09"]
[Round "4"]
[White "Van den Brande,W"]
[Black "Sziva,E"]
[Result "1/2-1/2"]
[WhiteElo "2250"]
[BlackElo "2318"]

1.e4 c5 2.Nf3 e6 3.d4 cxd4 4.Nxd4 Nc6 5.Nc3 Qc7 6.Be2 a6 7.O-O Nf6 8.Be3 Bb4
9.Na4 Be7 10.Nxc6 bxc6 11.Nb6 Rb8 12.Nxc8 Qxc8 13.Bd4 c5 14.Be5 Rb6 15.Qd3 O-O
16.b3 d6 17.Bc3 Qc6 18.f3 d5 19.e5 Nd7 20.f4 f6 21.exf6 Bxf6 22.Bxf6 Rxf6
23.Rae1 a5 24.Bf3 Qc7 25.g3 g6 26.Re2 Kg7 27.Rfe1 d4 28.Bg4 Nf8 29.Re5 Rc6
30.Qc4 Qb6 31.a3 h6 32.h4 Kf7 33.h5 gxh5 34.Bxh5+ Kg7 35.Bf3 Rc7 36.Kg2 Qd6
37.Qb5 c4 38.bxc4 Qxa3 39.Qxa5 Qxa5 40.Rxa5 Rxc4 41.Re2 Rf7 42.Be4 Rfc7 43.Bd3 R4c5
44.Ra4 Rd5 45.Kf3 h5 46.Re1 Rcd7 47.Be4 Rc5 48.Rd1 Rc3+ 49.Kf2 Rf7 50.Ra5 h4
51.Rg5+ Kf6 52.Rxd4 hxg3+ 53.Rxg3 Rc5 54.Rb4 Rcc7 55.Ke3 Ke7 56.Rb5 Nd7 57.Rgg5 Nf6
58.Rgc5 Rxc5 59.Rxc5 Ng4+ 60.Kf3 Nh2+ 61.Kg3 Nf1+ 62.Kg4 Nh2+ 63.Kg5 Rg7+
64.Bg6 Nf3+ 65.Kg4 Rxg6+ 66.Kxf3 Kd6 67.Rg5 Rh6 68.c4 Rh1 69.c5+ Kc6 70.Ke4 Re1+
71.Kd4 Rd1+ 72.Ke5 Re1+ 73.Kf6 Re4  1/2-1/2

[Event "Winter Cup"]
[Site "Bucharest ROM"]
[Date "2001.12.11"]
[Round "1"]
[White "Sebe,F"]
[Black "Voicu,C"]
[Result "1/2-1/2"]
[WhiteElo "2278"]
[BlackElo "2205"]

1.e4 c5 2.Nc3 Nc6 3.Nf3 e6 4.d4 cxd4 5.Nxd4 a6 6.Be2 Nf6 7.Nxc6 bxc6 8.e5 Nd5
9.Ne4 Qc7 10.f4 Qb6 11.Qd3 a5 12.a3 Bc5 13.Nxc5 Qxc5 14.c4 Ba6 15.Qe4 f5
16.exf6 Nxf6 17.Qe5 Qe7 18.Be3 d6 19.Qxa5 O-O 20.Qc3 Ne4 21.Qc2 d5 22.O-O e5
23.Rae1 exf4 24.Bd4 Qg5 25.Bf3 Nd6 26.cxd5 Bxf1 27.Kxf1 Rae8 28.Rxe8 Rxe8
29.dxc6 Qh4 30.Bf2 Qxh2 31.b4 Qh1+ 32.Bg1 Qh4 33.Bf2 Qh1+ 34.Bg1 Qh4 35.Bf2 Qh1+
36.Bg1 Qh4 37.Bf2  1/2-1/2

[Event "FSIMA December"]
[Site "Budapest HUN"]
[Date "2001.12.12"]
[Round "12"]
[White "Meszaros,T"]
[Black "Musanti,D"]
[Result "0-1"]
[WhiteElo "2364"]
[BlackElo "2293"]

1.e4 c5 2.Nf3 e6 3.d4 cxd4 4.Nxd4 Nc6 5.Nc3 d6 6.Be2 Nf6 7.O-O Be7 8.Be3 O-O
9.f4 a6 10.a4 Qc7 11.Kh1 Rd8 12.Qe1 Nxd4 13.Bxd4 e5 14.Bg1 exf4 15.a5 Re8
16.Bb6 Qb8 17.Rxf4 Be6 18.Qf2 Nd7 19.Bd4 Ne5 20.Qg3 Qd8 21.Bb6 Qd7 22.Nd5 Bxd5
23.exd5 Ng6 24.Bg4 Qb5 25.Rf5 Qxb2 26.Raf1 Rf8 27.Qf2 Ne5 28.Bd4 Nxg4 29.Qf4 Qxc2
30.Qxg4 g6 31.Rh5 Qc4 32.Rxh7 Qxf1+  0-1

[Event "FSIMA December"]
[Site "Budapest HUN"]
[Date "2001.12.12"]
[Round "12"]
[White "Rajlich,V"]
[Black "Erdelyi,Z"]
[Result "0-1"]
[WhiteElo "2257"]
[BlackElo "2242"]

1.e4 c5 2.Nf3 e6 3.d4 cxd4 4.Nxd4 Nc6 5.Nc3 Qc7 6.Be3 a6 7.Be2 Nf6 8.O-O Bb4
9.Na4 O-O 10.c4 Bd6 11.g3 Nxe4 12.Bf3 f5 13.Bxe4 fxe4 14.c5 Be5 15.Nb6 Rb8
16.Nc4 Bxd4 17.Bxd4 Rf5 18.Be3 Ne5 19.Nxe5 Qxe5 20.Qd2 Qd5 21.Rfd1 Qxd2 22.Rxd2 Kf7
23.Rad1 a5 24.g4 Rf6 25.Rd4 b6 26.cxb6 Rxb6 27.Rc1 e5 28.Rxe4 Bb7 29.Rxe5 Rxb2
30.Rxa5 Ra6 31.Rf5+ Ke6 32.Bd4 Re2 33.Bxg7 Raxa2 34.Bd4 Re4 35.Rf6+ Ke7 36.Bc3 Rxg4+
37.Kf1 Ba6+ 38.Rxa6 Rxa6 39.Be5 d6 40.Bg3 h5 41.Rc7+ Kf6 42.Rh7 Kg6 43.Rh8 Rd4
44.Rg8+ Kf5 45.h4 Ke4 46.Rg5 Rd5 47.f3+ Kd4 48.Rg6 Ke3 49.Rf6 Rd1+ 50.Be1 Rxe1+  0-1

[Event "XIV Carlos Torre"]
[Site "Merida MEX"]
[Date "2001.12.16"]
[Round "3"]
[White "Garmendez,F"]
[Black "Zapata,A"]
[Result "0-1"]
[WhiteElo "2410"]
[BlackElo "2530"]

1.e4 c5 2.Nf3 e6 3.d4 cxd4 4.Nxd4 Nc6 5.Nc3 Qc7 6.a3 a6 7.Be2 b5 8.Nxc6 dxc6
9.O-O e5 10.Bg4 Bb7 11.Qe2 Nf6 12.Bh3 h6 13.Rd1 Be7 14.g3 O-O 15.f3 Rad8
16.Be3 c5 17.Rxd8 Rxd8 18.Rd1 Bc6 19.Bf1 c4 20.Rxd8+ Qxd8 21.Qd2 Qd6 22.Qe2 Bb7
23.Qd1 Qc6 24.Bg2 a5 25.Qd2 b4 26.axb4 axb4 27.Nd1 Bc8 28.c3 b3 29.Bf1 Be6
30.Bf2 Nd7 31.Ne3 Nb6 32.Nf5 Bc5 33.Qd8+ Kh7 34.Ne7 Bxe7 35.Qxe7 Na4 36.Qa3 Qd7
37.Be3 Nxc3 38.bxc3 Qd1 39.Qc1 Qxf3 40.Bc5 Qxe4 41.Bg2 Qd3 42.Bf1 Qd5 43.Be3 Qf3
44.Bg2 Qe2 45.Qd2 Qxd2 46.Bxd2 b2 47.Be4+ g6 48.Bb1 Bf5 49.Ba2 g5 50.Kf2 Kg6
51.Kf3 h5 52.Be3 b1=Q 53.Bxb1 Bxb1 54.Bb6 Kf5 55.Bc7 Be4+ 56.Ke3 Bd5 57.Bd8 h4
58.Bc7 Bc6 59.Bd6 Ke6 60.Bc7 f5 61.Kf2 hxg3+ 62.hxg3 f4 63.Bd8 Kf5 64.Bc7 e4
65.gxf4 gxf4  0-1

[Event "ch-BRA"]
[Site "Sao Paolo BRA"]
[Date "2001.12.18"]
[Round "2"]
[White "Bittencourt,J"]
[Black "Leitao,R"]
[Result "0-1"]
[WhiteElo "2264"]
[BlackElo "2581"]

1.e4 c5 2.Nf3 e6 3.d4 cxd4 4.Nxd4 Nc6 5.Nc3 Qc7 6.Be2 a6 7.O-O Nf6 8.Be3 Be7
9.f4 d6 10.Kh1 O-O 11.a4 Re8 12.Bf3 Na5 13.Qe1 Nc4 14.Bc1 e5 15.Nde2 Qc5
16.fxe5 dxe5 17.Ng3 Be6 18.b3 Nd6 19.Ba3 Qc7 20.Bb2 Rac8 21.Rf2 b5 22.axb5 axb5
23.Re2 Bf8 24.Rc1 Qc5 25.Nd5 Nxd5 26.exd5 Bxd5 27.Bxd5 Qxd5 28.Bxe5 Qc6 29.c4 Nb7
30.Bb2 Nc5 31.Rxe8 Rxe8 32.Qc3 b4 33.Qc2 Qg6 34.Nf5 Nxb3 35.Qxb3 Qxf5 36.Bd4 Qf4
37.Rd1 Qxd4  0-1

[Event "Christmas Open"]
[Site "Zadar CRO"]
[Date "2001.12.20"]
[Round "6"]
[White "Lovakovic,F"]
[Black "Djingarova,E"]
[Result "0-1"]
[WhiteElo "2073"]
[BlackElo "2256"]

1.e4 c5 2.Nf3 e6 3.d4 cxd4 4.Nxd4 Nc6 5.Nc3 Qc7 6.Ndb5 Qb8 7.g3 a6 8.Nd4 Nf6
9.Be3 Qc7 10.Bg2 Be7 11.Qe2 O-O 12.g4 d6 13.g5 Nd7 14.f4 Re8 15.Nf3 Bf8 16.h4 b5
17.a3 Bb7 18.Qf2 Na5 19.Bf1 f5 20.gxf6 Nxf6 21.Bb6 Qc6 22.Bxa5 Nxe4 23.Nxe4 Qxe4+
24.Be2 Qxc2 25.Bc3 Rac8 26.O-O Qe4 27.Rae1 Qxf4 28.Bd3 e5 29.Bxh7+ Kxh7 30.Ng5+ Kg8
31.Qxf4 exf4 32.Rxf4 Rxe1+ 33.Bxe1 Rc1 34.Rf1 d5 35.Bb4 Rxf1+ 36.Kxf1 g6
37.Ke2 Bg7 38.b3 Bc8 39.a4 Bf5 40.axb5 axb5 41.Bd2 Kf8 42.Ke3 Ke7 43.Kf4 Bc2
44.b4 d4 45.Nf3 Kd6 46.Kg5 Kd5 47.Ne1 Be4 48.h5 gxh5 49.Kxh5 Kc4 50.Kg5 Bf8
51.Kf6 Bxb4 52.Bxb4 Kxb4 53.Ke5 d3 54.Kxe4 d2 55.Nc2+ Kc3 56.Ne3 b4 57.Nd5+ Kb2
58.Ne3 Kc1 59.Kd3 b3  0-1

[Event "TSGM December"]
[Site "Belgrade YUG"]
[Date "2001.12.21"]
[Round "7"]
[White "Bakre,T"]
[Black "Zivanic,M"]
[Result "0-1"]
[WhiteElo "2446"]
[BlackElo "2411"]

1.e4 c5 2.Nf3 e6 3.d4 cxd4 4.Nxd4 Nc6 5.Nc3 Qc7 6.g3 a6 7.Bg2 Nf6 8.O-O h6
9.Nb3 Be7 10.Be3 d6 11.f4 O-O 12.g4 Nd7 13.Rf3 b5 14.Rh3 b4 15.Ne2 e5 16.f5 Nf6
17.Ng3 Nh7 18.Nh5 Bg5 19.Bxg5 Nxg5 20.Rd3 Nh7 21.h4 Qa7+ 22.Kh2 Qe7 23.Ng3 Qxh4+
24.Kg1 Nf6 25.Rxd6 Nxg4 26.Qe1 Ne7 27.Nf1 Qg5 28.Rad1 g6  0-1

[Event "ch-BRA"]
[Site "Sao Paolo BRA"]
[Date "2001.12.21"]
[Round "6"]
[White "Bittencourt,J"]
[Black "Dumont,S"]
[Result "1-0"]
[WhiteElo "2264"]
[BlackElo "2404"]

1.e4 c5 2.Nf3 e6 3.d4 cxd4 4.Nxd4 Nc6 5.Nc3 Qc7 6.g3 Nf6 7.Ndb5 Qa5 8.Bd2 Qd8
9.Bf4 e5 10.Bg5 a6 11.Nd6+ Bxd6 12.Qxd6 Qe7 13.Qd2 Nd4 14.Bg2 Qc5 15.Bxf6 gxf6
16.O-O d6 17.Nd5 Be6 18.c3 Nc6 19.b4 Qa7 20.Nxf6+ Ke7 21.Qg5 h6 22.Qh4 h5
23.Rfd1 Rad8 24.a4 Kf8 25.Qg5 h4 26.gxh4 a5 27.b5 Ne7 28.h5 Qb6 29.Rd3 Ng8
30.h6 Nxh6 31.Rg3 Rc8 32.Bh3 Qc7 33.Rd1 b6 34.Rdd3 Ra8 35.Rdf3  1-0

[Event "It"]
[Site "Lvov UKR"]
[Date "2001.12.22"]
[Round "5"]
[White "De Vreugt,D"]
[Black "Kozakov,M"]
[Result "0-1"]
[WhiteElo "2437"]
[BlackElo "2473"]

1.e4 c5 2.Nf3 Nc6 3.d4 cxd4 4.Nxd4 e6 5.Nc3 Qc7 6.f4 a6 7.Nxc6 bxc6 8.Bd3 d5
9.O-O Nf6 10.Qe2 Be7 11.Kh1 O-O 12.Bd2 c5 13.b3 Bb7 14.e5 Nd7 15.Rae1 g6
16.f5 exf5 17.Bh6 Bh4 18.e6 Bxe1 19.Rxe1 Rfe8 20.Bxf5 Qc6 21.Bh3 fxe6 22.Bxe6+ Kh8
23.Bf4 h5 24.Be5+ Kh7 25.Bxd7 Qxd7 26.Qf2 d4 27.Ne4 Bxe4 28.Rxe4 Qf5  0-1

[Event "TSGM December"]
[Site "Belgrade YUG"]
[Date "2001.12.24"]
[Round "10"]
[White "Orlov,P"]
[Black "Antic,D"]
[Result "0-1"]
[WhiteElo "2378"]
[BlackElo "2464"]

1.Nf3 c5 2.e4 e6 3.d4 cxd4 4.Nxd4 Nc6 5.Nc3 a6 6.Be3 Nf6 7.Nxc6 bxc6 8.e5 Nd5
9.Nxd5 cxd5 10.Bd3 d6 11.f4 g6 12.Bd4 Bg7 13.O-O O-O 14.Qe2 a5 15.Rf2 Qd7
16.h4 Qc6 17.a4 Ba6 18.Bb5 Qb7 19.h5 Rfb8 20.hxg6 hxg6 21.Bxa6 Qxa6 22.Qe3 Rb4
23.b3 Qc8 24.Rd1 Qc7 25.g3 Rxd4 26.Rxd4 dxe5 27.fxe5 Bxe5 28.Rd3 Bg7 29.Qd2 Re8
30.Kh2 Qc5 31.Qf4 f5 32.Re2 Kf7 33.g4 e5 34.Qf2 Qxf2+ 35.Rxf2 Ke6 36.b4 axb4
37.Rb3 Bf8 38.c3 bxc3 39.Rxc3 Ra8 40.Rc6+ Bd6 41.Rb2 e4+ 42.Kg2 Ke5 43.Rbb6 Ba3
44.Rxg6 f4 45.g5 f3+ 46.Kg3 Bc5 47.Rbe6+ Kd4 48.Rgf6 Rxa4 49.g6 Ra2 50.Kh3 Rg2
51.Rf7 Ke3 52.Rf5 Rg1 53.Rxd5 f2 54.Rf6 Rxg6 55.Rxf2 Kxf2 56.Rxc5 e3 57.Ra5 e2  0-1

[Event "TSGM December"]
[Site "Belgrade YUG"]
[Date "2001.12.25"]
[Round "11"]
[White "Weinzettl,E"]
[Black "Zivanic,M"]
[Result "0-1"]
[WhiteElo "2415"]
[BlackElo "2411"]

1.e4 c5 2.Nf3 e6 3.Nc3 Nc6 4.d4 cxd4 5.Nxd4 Qc7 6.f4 a6 7.Nxc6 Qxc6 8.Bd3 b5
9.Qe2 Bb7 10.Bd2 Rc8 11.O-O Bc5+ 12.Kh1 Ne7 13.Rae1 b4 14.Nd1 O-O 15.f5 exf5
16.exf5 Rce8 17.f6 gxf6 18.Bh6 Ng6 19.Qg4 Rxe1 20.Rxe1 Rc8 21.h4 f5 22.Qg3 Bd6
23.Qh3 Bf4 24.Bxf4 Nxf4 25.Qg3+ Qg6 26.Re3 Nxg2  0-1

[Event "Casino Open"]
[Site "Interlaken SUI"]
[Date "2001.12.27"]
[Round "3"]
[White "Horvath,Ta1"]
[Black "Ivanisevic,I"]
[Result "0-1"]
[WhiteElo "2368"]
[BlackElo "2547"]

1.e4 c5 2.Nf3 Nc6 3.Nc3 e6 4.d4 cxd4 5.Nxd4 Qc7 6.g4 a6 7.Be3 b5 8.Bg2 Nxd4
9.Qxd4 Ne7 10.O-O-O Bb7 11.Kb1 Nc6 12.Qb6 Qxb6 13.Bxb6 Ne5 14.f3 Rc8 15.Bd4 f6
16.Ne2 Bc5 17.Bxc5 Rxc5 18.Nf4 Rc7 19.Rhf1 Ke7 20.Rf2 g5 21.Nh5 Ng6 22.Bf1 Nf4
23.Nxf4 gxf4 24.Bd3 Rc5 25.Rfd2 Bc6 26.b4 Re5 27.h4 h5 28.Rg1 Rg8 29.Rdg2 d5
30.gxh5 Rxg2 31.Rxg2 dxe4 32.fxe4 Bxe4 33.Bxe4 Rxe4 34.Rg4 Re5 35.h6 Rh5
36.Rxf4 Rxh6 37.c4 e5 38.Rg4 Ke6 39.c5 Kf5 40.Rg8 Rxh4 41.a3 Rc4 42.Rg1 e4
43.Rc1 Ke5 44.Kb2 f5  0-1

[Event "Open"]
[Site "Trinec CZE"]
[Date "2001.12.27"]
[Round "1"]
[White "Hodova,L"]
[Black "Talla,V"]
[Result "0-1"]
[WhiteElo "2081"]
[BlackElo "2397"]

1.e4 c5 2.Nf3 e6 3.d4 cxd4 4.Nxd4 Nc6 5.Nc3 a6 6.g3 Qc7 7.Bg2 Bb4 8.O-O Nf6
9.Re1 d6 10.Nxc6 bxc6 11.Bf4 e5 12.Bg5 O-O 13.Bxf6 gxf6 14.Qf3 Qe7 15.Rad1 Be6
16.Re3 Rad8 17.a3 Bc5 18.Red3 Kh8 19.Na4 Bd4 20.b3 d5 21.Qh5 Rg8 22.h3 Qxa3
23.Nc3 Qc5 24.Qf3 f5 25.exd5 cxd5 26.Rxd4 exd4 27.Ne2 Qxc2 28.Nxd4 Qc7 29.Nxf5 Rd7
30.Nd4 Qe5 31.Nc6 Qg7 32.Qd3 Rd6 33.Nd4 Rc8 34.Nf5 Bxf5 35.Qxf5 Rcd8 36.Bxd5 Qg6
37.Qe5+ f6 38.Qc3 Rxd5 39.Re1 Rd1  0-1

[Event "ch-AUS"]
[Site "Melbourne AUS"]
[Date "2001.12.29"]
[Round "2"]
[White "Hamilton,D"]
[Black "Wallace,JP"]
[Result "0-1"]
[WhiteElo "2245"]
[BlackElo "2370"]

1.e4 c5 2.Nf3 Nc6 3.d4 cxd4 4.Nxd4 e6 5.Nc3 Qc7 6.f4 a6 7.Nxc6 Qxc6 8.Bd3 b5
9.Qe2 Bb7 10.Bd2 b4 11.Nd5 f5 12.c4 Kf7 13.e5 exd5 14.cxd5 Qg6 15.Bc4 Bc5
16.O-O-O Rc8 17.Kb1 Nh6 18.h3 Rhe8 19.Rhf1 Kg8 20.Be1 d6 21.Rf3 Kh8 22.Rg3 Qf7
23.e6 Qc7 24.Bb3 a5 25.Qh5 Ba6 26.Ba4 Rf8 27.Qg5 Bd4 28.Qh5 Bb5 29.Bb3 a4
30.Bxb4 axb3 31.Bc3 Bxc3 32.Rxc3 Qa7 33.Rxb3 Qf2 34.Rc3 Rxc3  0-1

[Event "ch-AUS"]
[Site "Melbourne AUS"]
[Date "2001.12.30"]
[Round "3"]
[White "Gluzman,M"]
[Black "Wright,I"]
[Result "1-0"]
[WhiteElo "2400"]
[BlackElo "2131"]

1.e4 c5 2.Nc3 Nc6 3.Nge2 e6 4.d4 cxd4 5.Nxd4 Qc7 6.Be3 a6 7.Bd3 Bb4 8.O-O Bxc3
9.bxc3 Nge7 10.f4 O-O 11.Qh5 g6 12.Qh6 f5 13.Nf3 Rf7 14.Ng5 Rg7 15.Rf3 fxe4
16.Nxe4 Nf5 17.Nf6+ Kf7 18.Bxf5 Kxf6 19.Be4 d5 20.f5 Ne5 21.Bg5+ Kf7 22.fxg6+ Ke8
23.gxh7 Nxf3+ 24.Bxf3 Rxh7 25.Bh5+  1-0

[Event "10th Open"]
[Site "Aschach AUT"]
[Date "2001.12.31"]
[Round "7"]
[White "Knoll,H"]
[Black "Berkes,F"]
[Result "0-1"]
[WhiteElo "2307"]
[BlackElo "2541"]

1.e4 c5 2.Nf3 e6 3.Nc3 Nc6 4.d4 cxd4 5.Nxd4 Qc7 6.g3 a6 7.Bg2 Nf6 8.O-O Be7
9.Nb3 O-O 10.a4 b6 11.f4 d6 12.g4 Re8 13.g5 Nd7 14.Be3 Bf8 15.Rf3 g6 16.Rh3 Bb7
17.Qg4 Nb4 18.Nd4 e5 19.Qh4 h6 20.gxh6 exd4 21.h7+ Kh8 22.Bxd4+ Bg7 23.Bxg7+ Kxg7
24.f5 Qc5+ 25.Kh1 Qe5 26.Rf1 Qf6 27.Qh6+ Kh8 28.fxg6 Qxg6 29.Qd2 Ne5 30.Rg3 Qe6
31.Nd5 Nxd5 32.exd5 Qe7 33.Qd4 Rac8 34.c3 Rc4 35.Qxb6 Rh4 36.b3 Bc8 37.c4 Rxh7
38.Qf2 f5 39.Qf4 a5 40.Re1 Rh4 41.Rh3 Rxh3 42.Bxh3 Qf6 43.Re3 Re7 44.Bf1 Bd7
45.Be2 Ng6 46.Rh3+ Rh7 47.Rxh7+ Kxh7 48.Qg3 f4  0-1

[Event "Rilton Cup"]
[Site "Stockholm SWE"]
[Date "2002.01.02"]
[Round "6"]
[White "Rudolf,Hen"]
[Black "Handke,F"]
[Result "0-1"]
[WhiteElo "2328"]
[BlackElo "2407"]

1.e4 c5 2.Nf3 e6 3.d4 cxd4 4.Nxd4 Nc6 5.Nc3 Qc7 6.Be2 a6 7.O-O Nf6 8.Be3 Bb4
9.Na4 Be7 10.c4 d6 11.f3 O-O 12.a3 Ne5 13.Rc1 Bd7 14.b4 Rac8 15.Nb2 Rfe8
16.Qe1 Qb8 17.Qf2 d5 18.exd5 exd5 19.c5 Bd8 20.Rfe1 Bc7 21.g3 h5 22.Kh1 h4
23.g4 Bxg4 24.Qxh4 Ng6 25.Qf2 Bh3 26.Bd3 Nf4 27.Rg1 N6h5 28.Rce1 Re5 29.b5 Rce8
30.Bd2 Qd8 31.bxa6 bxa6 32.Bxa6 Qf6 33.Nb5 Re2 34.Nxc7 Rxf2 35.Rxe8+ Kh7  0-1

[Event "Rilton Cup"]
[Site "Stockholm SWE"]
[Date "2002.01.02"]
[Round "6"]
[White "Eriksson,Joh"]
[Black "Angskog,K"]
[Result "1-0"]
[WhiteElo "2415"]
[BlackElo "2266"]

1.d4 e6 2.Nf3 c5 3.e4 cxd4 4.Nxd4 Nc6 5.Nc3 Qc7 6.Ndb5 Qb8 7.Be3 Nf6 8.Bd3 Be7
9.g4 h5 10.gxh5 Nxh5 11.Qd2 a6 12.Nd4 b5 13.O-O-O Bb7 14.Nxc6 Bxc6 15.Be2 b4
16.Nd5 exd5 17.exd5 Bb7 18.Rhe1 Kf8 19.d6 Bf6 20.Bg4 Bc6 21.Bg5 Qb5 22.f4 Bxg5
23.fxg5 Qc4 24.h3 Rc8 25.Kb1 Ng3 26.Re7 Ne4 27.Qh2 Bd5 28.b3 Nc3+ 29.Ka1 Qb5
30.Bxd7 Qa5 31.a4 Rd8 32.Qe5 Qb6 33.Re8+  1-0

[Event "Rilton Cup"]
[Site "Stockholm SWE"]
[Date "2002.01.04"]
[Round "8"]
[White "Skjoldborg,J DEN"]
[Black "Sjoberg,M"]
[Result "0-1"]
[WhiteElo "2181"]
[BlackElo "2338"]

1.e4 c5 2.Nf3 e6 3.d4 cxd4 4.Nxd4 Nc6 5.Nc3 Qc7 6.Ndb5 Qb8 7.Be3 Nf6 8.f4 d6
9.Qf3 Be7 10.Bd3 a6 11.Nd4 Bd7 12.h3 Nxd4 13.Bxd4 Bc6 14.g4 e5 15.Be3 exf4
16.Bxf4 Nd7 17.Nd5 Bh4+ 18.Ke2 Bxd5 19.exd5 O-O 20.g5 Qe8+ 21.Kf1 Ne5 22.Qh5 Nxd3
23.cxd3 f6 24.Qxe8 Raxe8 25.g6 hxg6 26.Bxd6 Rf7 27.Kg2 Rd7 28.Bc5 Rxd5 29.d4 Rg5+
30.Kf3 Rf5+  0-1

[Event "Rilton Cup"]
[Site "Stockholm SWE"]
[Date "2002.01.04"]
[Round "8"]
[White "Volzhin,A"]
[Black "Lindberg,Be"]
[Result "1-0"]
[WhiteElo "2521"]
[BlackElo "2341"]

1.e4 c5 2.Nf3 e6 3.d4 cxd4 4.Nxd4 Nc6 5.Nc3 Qc7 6.g3 a6 7.Bg2 Nf6 8.O-O Bc5
9.Nxc6 dxc6 10.Na4 Be7 11.e5 Nd7 12.Re1 O-O 13.Bf4 Rd8 14.Nc3 Nf8 15.Qh5 Ng6
16.Ne4 Bd7 17.Bg5 Qxe5 18.Nf6+ gxf6 19.Rxe5 Nxe5 20.Bh6 Be8 21.Re1 f5 22.Rxe5 f6
23.Qh4 Rd1+ 24.Bf1 Rad8 25.Rxe6  1-0

[Event "Rilton Cup"]
[Site "Stockholm SWE"]
[Date "2002.01.04"]
[Round "8"]
[White "Couso,L"]
[Black "Taimanov,M"]
[Result "1/2-1/2"]
[WhiteElo "2347"]
[BlackElo "2439"]

1.e4 c5 2.Nf3 e6 3.d4 cxd4 4.Nxd4 Nc6 5.Nc3 Qc7 6.Be2 a6 7.O-O Nf6 8.Kh1 Bb4
9.Qd3 O-O 10.f4 Nxd4 11.Qxd4 Bxc3 12.bxc3 d5 13.e5 Ne4 14.c4 b5 15.cxd5 exd5
16.Bb2 Bb7 17.Bd3 Rac8 18.f5 Qc5 19.Rf4 Qxd4 20.Bxd4 Nc5 21.Bxc5 Rxc5 22.Re1 Re8
23.Kg1 Rc7 24.f6 gxf6 25.Rxf6 d4 26.Rd6 Rce7 27.Rxd4 Rxe5 28.Rxe5 Rxe5 29.Rd7 Be4
30.Ra7 Bxd3  1/2-1/2

[Event "8th Open"]
[Site "Bosnjaci CRO"]
[Date "2002.01.05"]
[Round "4"]
[White "Fercec,N"]
[Black "Malada,V"]
[Result "1/2-1/2"]
[WhiteElo "2438"]
[BlackElo "2246"]

1.e4 c5 2.Nf3 e6 3.Nc3 Nc6 4.d4 cxd4 5.Nxd4 Qc7 6.Be3 a6 7.Bd3 Nf6 8.O-O h5
9.h3 Bd6 10.Nxc6 dxc6 11.f4 e5 12.Qd2 exf4 13.Bxf4 Bxf4 14.Rxf4 Be6 15.Qf2 Nd7
16.Rf1 O-O-O 17.Qa7 Qb8 18.Qe3 b5 19.R4f2 f6 20.a4 Qb6 21.Qg3 Qc7 22.Qe3 Qb6
23.Qxb6 Nxb6 24.axb5 axb5 25.Ne2 Na4 26.Nf4 Bf7 27.b3 Nc5 28.Rf3 h4 29.e5 fxe5
30.Ng6 Bxg6 31.Bxg6 Rd6 32.Bf5+ Kc7 33.Bg4 Ne4 34.Rf7+ Kb6 35.Re1 Ng3 36.Rxe5 Ra8
37.Re1 Ra2 38.Rf2 Kc5  1/2-1/2

[Event "ch-AUS"]
[Site "Melbourne AUS"]
[Date "2002.01.05"]
[Round "8"]
[White "Solomon,SJ"]
[Black "Wallace,JP"]
[Result "1/2-1/2"]
[WhiteElo "2385"]
[BlackElo "2370"]

1.e4 c5 2.Nf3 Nc6 3.d4 cxd4 4.Nxd4 e6 5.Nc3 Qc7 6.Be2 Nf6 7.O-O a6 8.Be3 Bb4
9.Na4 O-O 10.c4 Bd6 11.Nxc6 dxc6 12.g3 Nxe4 13.c5 Be7 14.Qd4 Ng5 15.f4 e5
16.Qc4 Be6 17.Qc2 Nh3+ 18.Kg2 exf4 19.gxf4 g5 20.f5 Qe5 21.fxe6 Qxe3 22.exf7+ Kg7
23.Bc4 Rad8 24.Qc3+ Qxc3 25.bxc3 Nf4+ 26.Rxf4 gxf4 27.Kf3 Bg5 28.Kg4 Kg6
29.Rb1 Rd7 30.Re1 h5+ 31.Kf3 Rfxf7 32.Bxf7+ Kxf7 33.Nb2 Rd5 34.Nc4 Rxc5 35.Nd6+ Kf8
36.Re8+ Kg7 37.Ne4 Ra5 38.Rb8 Be7 39.Rxb7 Kf8 40.Rb2 Rf5 41.c4 Ra5 42.Kxf4 Kf7
43.h3 Ke6 44.Rb6 Kd7 45.Rb7+ Ke6 46.Rc7 Bd6+ 47.Nxd6 Kxd6 48.Rh7 Rxa2 49.Rxh5 Ra4
50.Ke3 Rxc4 51.Ra5  1/2-1/2

[Event "ch-AUS"]
[Site "Melbourne AUS"]
[Date "2002.01.05"]
[Round "8"]
[White "Stirling,N"]
[Black "Wright,I"]
[Result "0-1"]
[WhiteElo "2141"]
[BlackElo "2131"]

1.e4 c5 2.Nf3 e6 3.d4 cxd4 4.Nxd4 Nc6 5.Nc3 Qc7 6.a3 a6 7.g3 Nf6 8.Nb3 b5
9.Bg2 Bb7 10.O-O d6 11.Qe2 Be7 12.f4 O-O 13.g4 Nd7 14.g5 Rfe8 15.Be3 Nb6
16.Rad1 Nc4 17.Bc1 Qb6+ 18.Kh1 a5 19.f5 Ba6 20.g6 hxg6 21.fxg6 fxg6 22.Qg4 Bf8
23.Qxg6 N4e5 24.Rxf8+ Rxf8 25.Qxe6+ Rf7 26.Nd5 Qd8 27.Nf4 Qh4 28.Nh3 Bc8
29.Bg5 Qh7 30.Qxd6 Bxh3 31.Nc5 Bxg2+ 32.Kxg2 Qh5 33.Ne6 Qg4+ 34.Kh1 Qxe4+  0-1

[Event "Rilton Cup"]
[Site "Stockholm SWE"]
[Date "2002.01.05"]
[Round "9"]
[White "Handke,F"]
[Black "Eriksson,A"]
[Result "1-0"]
[WhiteElo "2407"]
[BlackElo "2301"]

1.e4 c5 2.Nf3 e6 3.d4 cxd4 4.Nxd4 Nc6 5.Nc3 a6 6.Be3 Nge7 7.Nb3 d6 8.a4 b6
9.Be2 Ng6 10.O-O Be7 11.Qd2 O-O 12.Rfd1 Qc7 13.Bf1 Rb8 14.f4 Rd8 15.Qf2 Nf8
16.Nd4 Nd7 17.Nxc6 Qxc6 18.Rd4 Nc5 19.Rad1 b5 20.Rb4 Bd7 21.axb5 Qc7 22.e5 dxe5
23.b6 Rxb6 24.Rxb6 Qxb6 25.Ne4 Nxe4 26.Bxb6 Nxf2 27.Kxf2  1-0

[Event "Keres Mem Rapid"]
[Site "Tallinn EST"]
[Date "2002.01.05"]
[Round "3"]
[White "Ehlvest,J"]
[Black "Lautier,J"]
[Result "0-1"]
[WhiteElo "2589"]
[BlackElo "2687"]

1.e4 c5 2.Nf3 Nc6 3.d4 cxd4 4.Nxd4 e6 5.Nc3 a6 6.g4 Qc7 7.Nxc6 dxc6 8.f4 e5
9.f5 Bc5 10.Qf3 b5 11.g5 Ne7 12.Bd2 Bb7 13.f6 gxf6 14.gxf6 Ng6 15.Bh3 Bc8
16.O-O-O Bxh3 17.Qxh3 Qc8 18.Qf5 O-O 19.Qg5 Qh3 20.Qf5 Qh4 21.Bg5 Qh5 22.Rd3 h6
23.Bd2 Qxf5 24.exf5 Nf4 25.Rg3+ Kh8 26.Ne4 Bb6 27.Rg4 Rg8 28.Rh4 Kh7 29.Re1 Rg2
30.h3 Rd8 31.Bxf4 exf4 32.a4 f3 33.Rf1 f2 34.Rg4 Rg1 35.Ng3 Be3+  0-1

[Event "TCh-BEL 2001-2"]
[Site "Belgium BEL"]
[Date "2002.01.06"]
[Round "6"]
[White "Coenen,N"]
[Black "Maes,W"]
[Result "1-0"]
[WhiteElo "2421"]
[BlackElo "2270"]

1.e4 c5 2.Nf3 e6 3.d4 cxd4 4.Nxd4 Nc6 5.Nc3 Qc7 6.Be2 a6 7.O-O Nf6 8.Be3 Bb4
9.Na4 O-O 10.Nxc6 bxc6 11.Nb6 Rb8 12.Nxc8 Rfxc8 13.Bxa6 Rf8 14.Bd3 Bd6 15.Kh1 Rxb2
16.a4 Ra8 17.Bd4 Rbb8 18.Bxf6 gxf6 19.Qg4+ Kh8 20.Qh4 Be5 21.Ra3 Rg8 22.f4 Bd4
23.c3 Bc5 24.Qxf6+ Rg7 25.Ra2 d5 26.e5 Be7 27.Qh6 Qa5 28.f5 Bg5 29.Qh3 exf5
30.Bxf5 Qc7 31.Re1 Re8 32.Rae2 Qa7 33.Bd7 Rd8 34.Bxc6 Rg6 35.Bb5 Bf4 36.Qh4 Bg5
37.Qd4 Qe7 38.Bd3 Rh6 39.g3 Kg8 40.a5 Qc7 41.Qg4 Qe7 42.e6 fxe6 43.Re5  1-0

[Event "Keres Mem Rapid"]
[Site "Tallinn EST"]
[Date "2002.01.06"]
[Round "4"]
[White "Khalifman,A"]
[Black "Seeman,T"]
[Result "1-0"]
[WhiteElo "2688"]
[BlackElo "2441"]

1.e4 c5 2.Nf3 e6 3.d4 cxd4 4.Nxd4 Nc6 5.Nc3 d6 6.Be3 Nf6 7.f4 e5 8.fxe5 Nxe5
9.Qd2 Be7 10.O-O-O a6 11.h3 b5 12.Nf5 Bxf5 13.exf5 O-O 14.g4 Qa5 15.Kb1 b4
16.Nd5 Nxd5 17.Qxd5 Qc7 18.g5 Rfc8 19.Rh2 a5 20.f6 Bf8 21.fxg7 Bxg7 22.Qxd6 Qxd6
23.Rxd6 Nc4 24.Bxc4 Rxc4 25.Rhd2 Re8 26.Rd8 Re4 27.Rxe8+ Rxe8 28.Rd3 Bd4
29.Bd2 Re4 30.a3 Be5 31.Rd8+ Kg7 32.Re8 f5 33.gxf6+ Kxf6 34.axb4 axb4 35.Ka2 Rh4
36.Rf8+ Ke6 37.Rf3 Kd5 38.Kb3 Kc5 39.Be1 Re4 40.Bd2 h5 41.Rf5 h4 42.Rh5 Kc6
43.Bxb4 Bxb2 44.Rh6+ Kd7 45.Rd6+ Ke8 46.Rd3 Be5 47.c4 Re2 48.c5 Rb2+ 49.Kc4 Rh2
50.c6 Kf7 51.Kb5 Ke6 52.Bc3 Rc2 53.Bxe5 Kxe5 54.Kb6  1-0

[Event "It"]
[Site "Reggio Emilia ITA"]
[Date "2002.01.08"]
[Round "9"]
[White "Costantini,R"]
[Black "Djingarova,E"]
[Result "1-0"]
[WhiteElo "2314"]
[BlackElo "2256"]

1.e4 c5 2.Nf3 e6 3.d4 cxd4 4.Nxd4 Nc6 5.Nc3 a6 6.Nxc6 bxc6 7.Bd3 d5 8.O-O Nf6
9.Re1 Qc7 10.Bg5 Be7 11.e5 Ng8 12.Qg4 h5 13.Qg3 Bxg5 14.Qxg5 g6 15.Na4 Rb8
16.b3 Qe7 17.Qe3 Nh6 18.c4 Ng4 19.Qf4 g5 20.Qf3 Bb7 21.h3 Nh6 22.Qxh5 g4
23.cxd5 cxd5 24.Rac1 gxh3 25.Qxh3 Qf8 26.Qe3 d4 27.Qxd4 Ng4 28.Qa7 Rh1+ 29.Kxh1 Qh6+
30.Kg1 Qh2+ 31.Kf1 Qxg2+ 32.Ke2 Rd8 33.Nb2 Bf3+ 34.Kd2 Nxf2 35.Kc3 Bb7 36.Rg1 Ne4+
37.Kb4 Qxb2 38.Rg8+ Ke7 39.Qxb7+ Rd7 40.Qc8 a5+ 41.Kb5 Qxe5+ 42.Ka4 Qd4+
43.Bc4 Qd2 44.Qf8+ Kf6 45.Rf1+ Ke5 46.Qb8+ Nd6 47.Rg2 Qxg2 48.Qh8+ Ke4 49.Qh4+  1-0

[Event "6th Open"]
[Site "Bad Zwesten GER"]
[Date "2002.01.09"]
[Round "8"]
[White "Bauer,Ch"]
[Black "Bischoff,K"]
[Result "1/2-1/2"]
[WhiteElo "2578"]
[BlackElo "2558"]

1.e4 c5 2.Nf3 e6 3.d4 cxd4 4.Nxd4 Nc6 5.Nc3 d6 6.Be3 a6 7.g4 Nge7 8.g5 b5
9.f4 Bb7 10.Bg2 Nxd4 11.Qxd4 Nc6 12.Qd2 Be7 13.h4 Rc8 14.Qf2 O-O 15.O-O f5  1/2-1/2